| 000 | 00450nam a2200193Ia 4500 | ||
|---|---|---|---|
| 005 | 20240823014647.0 | ||
| 008 | 240823s9999||||xx |||||||||||||| ||und|| | ||
| 020 | _a81-7476-317-1 | ||
| 041 | _aENGLISH | ||
| 082 | _A658 P0 | ||
| 100 | _aSudha Tinaikar | ||
| 245 | 0 | _aLife-Style management | |
| 250 | _a1st | ||
| 260 |
_c2000 _b"UBS,New " |
||
| 500 | _aTRANSFERED | ||
| 650 |
_aManagement _bManagement Studies |
||
| 942 | _cBK | ||
| 999 |
_c170601 _d170601 |
||